000 00654cam a22002053a 4500
001 41443
003 PGUSA
005 20140828083931.0
008 121123s2012||||xxu|||||s|||||000 | eng d
040 _aPGUSA
_beng
042 _adc
100 1 _aCunningham, Charles Henry
245 1 4 _aThe Audiencia in the Spanish Colonies :
_bAs illustrated by the Audiencia of Manila (1583-1800)
_h[electronic resource] /
_cCharles Henry Cunningham
260 _bProject Gutenberg,
_c2012
506 _aPublic domain in the USA.
516 _aElectronic text
830 0 _aProject Gutenberg
_v41443
856 4 0 _uhttp://www.gutenberg.org/ebooks/41443
942 _cEB
999 _c270695
_d270695